The rattans of Sarawak
| Main Author: | |
|---|---|
| Format: | Book |
| Published: |
Richmond Surrey, England; Kuching, Sarawak :
Royal Boranic Gardens; Sarawak Forest Department ,
1992
|
| Subjects: |
MARC
| LEADER | 00000cam a2200000 7i4500 | ||
|---|---|---|---|
| 001 | 0000000401 | ||
| 005 | 20000809.0 | ||
| 020 | 0 | 0 | |a 0947643419 |
| 090 | 0 | 0 | |a 633.585954 |b DRA 1992 |
| 100 | 1 | 0 | |a DRANSFIELD |h John |
| 245 | 1 | 4 | |a The rattans of Sarawak |c John Dransfield |
| 260 | 0 | 0 | |a Richmond Surrey, England; Kuching, Sarawak : |b Royal Boranic Gardens; Sarawak Forest Department , |c 1992 |
| 300 | |a 230 p. : |b ill. ; |c 25 cm. | ||
| 500 | 0 | 0 | |a Includes index |
| 650 | 0 | 0 | |a Rattan |z Sarawak |
| 999 | |a 0000000047 |b Monograph |c Open Shelf |e Default branch | ||